Central Library OPAC University of Rajshahi

Living in our communities : (Record no. 59881)

MARC details
000 -LEADER
fixed length control field 00901nam a2200265 a 4500
001 - CONTROL NUMBER
control field 59881
003 - CONTROL NUMBER IDENTIFIER
rucl marc code BD-RjUL
005 - DATE AND TIME OF LATEST TRANSACTION
control field 20211209080758.0
008 - FIXED-LENGTH DATA ELEMENTS--GENERAL INFORMATION
fixed length control field 161227s1954 nyua 001 0 eng
035 ## - SYSTEM CONTROL NUMBER
System control number (BD-RjUL)60005
040 ## - CATALOGING SOURCE
Original cataloging agency DLC
Transcribing agency CarP
Modifying agency DLC
-- BD-RjUL
Language of cataloging eng
041 ## - LANGUAGE CODE
Language code of text/sound track or separate title eng
082 ## - DEWEY DECIMAL CLASSIFICATION NUMBER
Edition number 23
Classification number 300
Author mark and year KRL 1954
100 1# - MAIN ENTRY--PERSONAL NAME
Personal name Krug, Edward A.
Fuller form of name (Edward August),
Dates associated with a name 1911-
9 (RLIN) 178161
245 10 - TITLE STATEMENT
Title Living in our communities :
Remainder of title civics for young citizens /
Statement of responsibility, etc. by Edward A Krug and I. James Quillen.
260 ## - PUBLICATION, DISTRIBUTION, ETC. (IMPRINT)
Place of publication, distribution, etc. Chicago :
Name of publisher, distributor, etc. Scott, Foresman & co.,
Date of publication, distribution, etc. c1954.
300 ## - PHYSICAL DESCRIPTION
Pagination [5], 522 p. :
Illustrations ill. ;
Size 24 cm.
490 ## - SERIES STATEMENT
Series statement Basic curriculum social studies.
500 ## - GENERAL NOTE
General note Includes index.
650 #0 - SUBJECT ADDED ENTRY--TOPICAL TERM
Topical term or geographic name as entry element Social sciences
Form subdivision Textbooks.
9 (RLIN) 178162
Topical term or geographic name as entry element Civics.
9 (RLIN) 178163
700 1# - ADDED ENTRY--PERSONAL NAME
Personal name Quillen, Isaac James.
Dates associated with a name 1909-
Relator term joint author.
830 ## - SERIES ADDED ENTRY--UNIFORM TITLE
Uniform title Basic curriculum social studies.
942 ## - ADDED ENTRY ELEMENTS (KOHA)
Source of classification or shelving scheme Dewey Decimal Classification
Koha item type Books
Holdings
Lost status Source of classification or shelving scheme Damaged status Not for loan Collection code Permanent Location Current Location Shelving location Date acquired Source of acquisition Total Checkouts Full call number Date last seen Copy number Koha item type
  Dewey Decimal Classification   Not For Loan Non-fiction Central Library, University of Rajshahi Central Library, University of Rajshahi Reading Room 16/06/1965 Asia Foundation   300 KRL 1954 27/12/2016 C-1 Books